[Event "DEM U16 2006"]
[Site "Willingen GER"]
[Date "2006.06.08"]
[Round "7"]
[White "Glantz, Robert"]
[Black "Savchenko, Aleksij"]
[Result "1/2-1/2"]
[Termination "normal"]
[Board "8"]
[WhiteElo "1926"]
[BlackElo "2074"]
[PlyCount "106"]
[WhiteFideId "24629596"]
[BlackFideId "24611727"]
[EventCountry "GER"]
[EventRounds "9"]
[EventType "swiss"]
[EventDate "2006.06.03"]

1. e4 c5 2. Nf3 d6 3. d4 cxd4 4. Nxd4 Nf6 5. Nc3 a6 6. Be3 e6 7. g4 b5 8. g5
Nfd7 9. a3 Bb7 10. h4 Nc6 11. h5 Nxd4 12. Qxd4 Ne5 13. Be2 Rc8 14. O-O-O Nc4
15. Bxc4 Rxc4 16. Qd3 Qc7 17. Bd4 h6 18. f4 e5 19. fxe5 Rxd4 20. Qxd4 dxe5 21.
Nd5 exd4 22. Nxc7+ Kd7 23. Nd5 hxg5 24. Rxd4 Bc5 25. Rd3 Ke6 26. Kd2 Ke5 27.
Rc3 Bd6 28. Rg3 Kxe4 29. Rxg5 Bxd5 30. Rh4+ Bf4+ 31. Rxf4+ Kxf4 32. Rxd5 f5 33.
Rd7 Rxh5 34. Rxg7 Kf3 35. Rg6 a5 36. Ra6 f4 37. Rxa5 Kg2 38. Ra8 Rd5+ 39. Kc3
Rg5 40. Rf8 f3 41. Kb4 f2 42. c4 bxc4 43. Kxc4 Rg3 44. Rxf2+ Kxf2 45. b4 Rxa3
46. b5 Ra1 47. b6 Ke3 48. Kc5 Rb1 49. Kc6 Kd4 50. b7 Ke5 51. Kc7 Rc1+ 52. Kd7
Rd1+ 53. Kc7 Rb1 1/2-1/2

[Event "DEM U16 2006"]
[Site "Willingen GER"]
[Date "2006.06.08"]
[Round "7"]
[White "Seemann, Semjon"]
[Black "Heider, Martin"]
[Result "1/2-1/2"]
[Termination "normal"]
[Board "9"]
[WhiteElo "1950"]
[BlackElo "1944"]
[PlyCount "55"]
[WhiteFideId "24624080"]
[EventCountry "GER"]
[EventRounds "9"]
[EventType "swiss"]
[EventDate "2006.06.03"]

1. e4 e6 2. d4 d5 3. exd5 exd5 4. c4 Nf6 5. Nc3 Be7 6. Nf3 O-O 7. Be2 dxc4 8.
Bxc4 Nbd7 9. h3 Nb6 10. Bd3 Bd7 11. Ne5 Bd6 12. O-O h6 13. Re1 c6 14. Qf3 Nbd5
15. Bd2 Be6 16. Rad1 Re8 17. a3 Qc7 18. Nc4 b5 19. Nxd6 Qxd6 20. Ne4 Nxe4 21.
Qxe4 Nf6 22. Qh4 Bb3 23. Bb4 Qd7 24. Rc1 Bd5 25. Qf4 Rac8 26. Bc5 a5 27. Bf5
Be6 28. Bb1 1/2-1/2

[Event "DEM U16 2006"]
[Site "Willingen GER"]
[Date "2006.06.08"]
[Round "7"]
[White "Carlstedt, Jonathan"]
[Black "Holgert, Michael"]
[Result "1-0"]
[Termination "normal"]
[Board "10"]
[WhiteElo "2094"]
[BlackElo "1863"]
[PlyCount "101"]
[WhiteFideId "24614386"]
[BlackFideId "24668990"]
[EventCountry "GER"]
[EventRounds "9"]
[EventType "swiss"]
[EventDate "2006.06.03"]

1. c4 e5 2. Nc3 Nc6 3. g3 d6 4. Bg2 Be6 5. d3 g6 6. Rb1 Qd7 7. b4 Nd8 8. Bd2
Bg7 9. a4 Rb8 10. b5 f5 11. a5 Ne7 12. e3 O-O 13. Nge2 e4 14. Qc2 exd3 15. Qxd3
Nf7 16. f4 Nh6 17. O-O Ng4 18. Nd4 Bf7 19. Nd5 Nf6 20. Nxf6+ Bxf6 21. Bc3 Bg7
22. Rfd1 Rfd8 23. Nf3 Qe6 24. Bxg7 Kxg7 25. Rbc1 Qf6 26. h3 a6 27. Nd4 Kg8 28.
g4 fxg4 29. hxg4 d5 30. c5 axb5 31. g5 Qa6 32. Qxb5 Ra8 33. Rb1 Qxa5 34. Qxb7
Rdb8 35. Qxb8+ Rxb8 36. Rxb8+ Kg7 37. c6 Qc3 38. Rb3 Qa5 39. Rbd3 Qc5 40. Kf2
h6 41. gxh6+ Kxh6 42. Nf3 Qxc6 43. Ng5 Bg8 44. e4 Qb6+ 45. Kg3 dxe4 46. Bxe4
Nf5+ 47. Bxf5 gxf5 48. Rc3 Kg6 49. Nf3 Kh6 50. Rh1+ Kg6 51. Rc6+ 1-0

[Event "DEM U16 2006"]
[Site "Willingen GER"]
[Date "2006.06.08"]
[Round "7"]
[White "Fink, Leander"]
[Black "Müller, Jan-Hendrik"]
[Result "1/2-1/2"]
[Termination "normal"]
[Board "11"]
[WhiteElo "1997"]
[BlackElo "1978"]
[PlyCount "38"]
[WhiteFideId "24605247"]
[BlackFideId "24615048"]
[EventCountry "GER"]
[EventRounds "9"]
[EventType "swiss"]
[EventDate "2006.06.03"]

1. e4 Nf6 2. Nc3 d5 3. exd5 Nxd5 4. Bc4 c6 5. Nge2 Bg4 6. f3 Bf5 7. Ng3 Bg6 8.
O-O e6 9. d4 Be7 10. Nce2 O-O 11. Bb3 c5 12. Kh1 Nb6 13. dxc5 Bxc5 14. Qxd8
Rxd8 15. Bg5 Rd7 16. Nf4 Be7 17. Bxe7 Rxe7 18. Rad1 N8d7 19. h4 e5 1/2-1/2

[Event "DEM U16 2006"]
[Site "Willingen GER"]
[Date "2006.06.08"]
[Round "7"]
[White "Isakson, Alex"]
[Black "Schwenke, Vincent"]
[Result "0-1"]
[Termination "normal"]
[Board "12"]
[WhiteElo "1905"]
[BlackElo "1794"]
[PlyCount "56"]
[WhiteFideId "24637351"]
[BlackFideId "24620467"]
[EventCountry "GER"]
[EventRounds "9"]
[EventType "swiss"]
[EventDate "2006.06.03"]

1. e4 c6 2. d4 d5 3. exd5 cxd5 4. c4 Nf6 5. Nc3 e6 6. Nf3 Nc6 7. Bg5 Be7 8. a3
a5 9. Bd3 O-O 10. O-O dxc4 11. Bxc4 Nd5 12. Bxe7 Ncxe7 13. Ne5 b6 14. Bd3 Bb7
15. Qc2 Ng6 16. Be4 Rc8 17. Nxg6 hxg6 18. Qd2 Qd7 19. Bd3 Rfd8 20. Rad1 Nxc3
21. bxc3 Qc6 22. Qg5 Qxc3 23. Qe7 Qc7 24. Qh4 Qd6 25. h3 Qxa3 26. Be2 Qd6 27.
Rb1 Rc2 28. Qg4 f5 0-1

[Event "DEM U16 2006"]
[Site "Willingen GER"]
[Date "2006.06.08"]
[Round "7"]
[White "Kalisch, Michael"]
[Black "Becker, Carsten"]
[Result "0-1"]
[Termination "normal"]
[Board "14"]
[WhiteElo "1824"]
[BlackElo "1840"]
[PlyCount "80"]
[BlackFideId "24646822"]
[EventCountry "GER"]
[EventRounds "9"]
[EventType "swiss"]
[EventDate "2006.06.03"]

1. e4 e6 2. d4 c5 3. c3 a6 4. Nf3 Nf6 5. e5 Nd5 6. Bc4 Nc7 7. O-O b5 8. Bd3 Bb7
9. Qe2 Nc6 10. a3 cxd4 11. cxd4 Be7 12. Nc3 f6 13. Ne4 f5 14. Nc5 Nxd4 15. Nxd4
Bxc5 16. Be3 Be7 17. Qh5+ g6 18. Qh6 Bf8 19. Qh3 Bg7 20. f4 Nd5 21. Rac1 O-O
22. Nb3 d6 23. exd6 Nxe3 24. Qxe3 Qxd6 25. Rfe1 Rfe8 26. Rc2 Bd5 27. Nc1 Rac8
28. Ree2 Be4 29. Kh1 Rxc2 30. Rxc2 Rd8 31. Rd2 Bh6 32. Rf2 Bxd3 33. Nxd3 Qxd3
34. Qxe6+ Kh8 35. Re2 Bg7 36. h3 h6 37. Re1 Qd6 38. Qf7 Rf8 39. Qb7 Rb8 40. Qf7
Rf8 0-1

[Event "DEM U16 2006"]
[Site "Willingen GER"]
[Date "2006.06.09"]
[Round "8"]
[White "Beck, Frederik"]
[Black "Tereick, Benjamin"]
[Result "0-1"]
[Termination "normal"]
[Board "1"]
[WhiteElo "2225"]
[BlackElo "2238"]
[PlyCount "70"]
[WhiteFideId "4687388"]
[BlackFideId "24607541"]
[EventCountry "GER"]
[EventRounds "9"]
[EventType "swiss"]
[EventDate "2006.06.03"]

1. e4 e6 2. d4 d5 3. Nc3 Nf6 4. Bg5 Bb4 5. exd5 Qxd5 6. Bxf6 Bxc3+ 7. bxc3 gxf6
8. Qg4 Qa5 9. Ne2 Bd7 10. Qg7 Rf8 11. Qxf6 Ba4 12. h4 Bxc2 13. Qg5 Qxg5 14.
hxg5 Nd7 15. Nf4 Rg8 16. Rh5 Bg6 17. Nxg6 hxg6 18. Rh7 Ke7 19. Bd3 c5 20. Ke2
cxd4 21. cxd4 Rac8 22. Be4 Rc7 23. d5 Nc5 24. Rc1 Kd6 25. Bf3 exd5 26. Rd1 Re8+
27. Kf1 Re5 28. Rh4 Ne6 29. Ra4 b6 30. Rg4 Nxg5 31. Rxd5+ Rxd5 32. Bxd5 Kxd5
33. Rxg5+ Ke6 34. a3 Rc3 35. a4 Rc4 0-1

[Event "DEM U16 2006"]
[Site "Willingen GER"]
[Date "2006.06.09"]
[Round "8"]
[White "Lubbe, Nikolas"]
[Black "Klein, Felix"]
[Result "1-0"]
[Termination "normal"]
[Board "2"]
[WhiteElo "2263"]
[BlackElo "2176"]
[PlyCount "89"]
[WhiteFideId "4694031"]
[BlackFideId "24600458"]
[EventCountry "GER"]
[EventRounds "9"]
[EventType "swiss"]
[EventDate "2006.06.03"]

1. d4 d5 2. c4 e6 3. Nf3 c6 4. Nbd2 dxc4 5. Nxc4 Nf6 6. e3 Be7 7. Bd3 Nbd7 8.
O-O c5 9. Nce5 Nxe5 10. dxe5 Nd5 11. Qa4+ Bd7 12. Qg4 g6 13. Rd1 Bc6 14. e4 h5
15. Qg3 Nb4 16. Be2 Qc7 17. Ng5 Bxg5 18. Bxg5 Bxe4 19. Bf6 Rh7 20. Qe3 Bc2 21.
Bb5+ Kf8 22. Rd7 Qb6 23. Bc4 Ba4 24. Rd6 Qa5 25. Qd2 Nc6 26. b3 Qxd2 27. Rxd2
Na5 28. Rad1 Nxc4 29. Rd8+ Rxd8 30. Rxd8+ Be8 31. bxc4 h4 32. f4 a6 33. a4 Rh5
34. Kf2 Rf5 35. Ke3 g5 36. Bxg5 Rxg5 37. fxg5 Ke7 38. Rc8 Bxa4 39. Rc7+ Kf8 40.
Rxb7 Bc6 41. Rc7 Bxg2 42. Rxc5 Bf1 43. Rc8+ Ke7 44. Kd4 Bg2 45. Rc7+ 1-0

[Event "DEM U16 2006"]
[Site "Willingen GER"]
[Date "2006.06.09"]
[Round "8"]
[White "Baldauf, Marco"]
[Black "Kaczmarczyk, Dennis"]
[Result "1-0"]
[Termination "normal"]
[Board "3"]
[WhiteElo "2128"]
[BlackElo "2075"]
[PlyCount "117"]
[WhiteFideId "4688210"]
[BlackFideId "24608297"]
[EventCountry "GER"]
[EventRounds "9"]
[EventType "swiss"]
[EventDate "2006.06.03"]

1. e4 e6 2. d4 d5 3. Nd2 Nf6 4. e5 Nfd7 5. Bd3 c5 6. c3 Nc6 7. Ne2 cxd4 8. cxd4
f6 9. exf6 Nxf6 10. Nf3 Bd6 11. O-O O-O 12. Bf4 Bxf4 13. Nxf4 Ne4 14. g3 Qf6
15. h4 g5 16. hxg5 Nxg5 17. Kg2 Nxf3 18. Qxf3 Nxd4 19. Qh5 Rf7 20. Rae1 Nf5 21.
Rh1 e5 22. Re2 Qd6 23. g4 Bd7 24. Nxd5 Qxd5+ 25. Be4 Qc4 26. gxf5 Rg7+ 27. Kh2
Rf8 28. Rg1 Rxg1 29. Kxg1 Qf7 30. Qxf7+ Kxf7 31. Bxb7 Kf6 32. f3 Bxf5 33. Be4
Bxe4 34. fxe4 Rc8 35. Kf2 Rc1 36. Ke3 Ke6 37. Rh2 Re1+ 38. Kd3 Rd1+ 39. Kc2 Re1
40. Rh6+ Kf7 41. Rxh7+ Kg6 42. Rxa7 Rxe4 43. a4 Kf5 44. Kc3 Ke6 45. b4 Kd6 46.
Ra6+ Kc7 47. a5 Re1 48. Kc4 e4 49. Kc5 Rc1+ 50. Kd4 Re1 51. Re6 Rb1 52. Kc5
Rc1+ 53. Kb5 Re1 54. a6 Rh1 55. Re7+ Kb8 56. Rxe4 Rh5+ 57. Kb6 Rh6+ 58. Ka5 Ka7
59. b5 1-0

[Event "DEM U16 2006"]
[Site "Willingen GER"]
[Date "2006.06.09"]
[Round "8"]
[White "Dinger, Florian"]
[Black "Schneider, David"]
[Result "1-0"]
[Termination "normal"]
[Board "4"]
[WhiteElo "2205"]
[BlackElo "2188"]
[PlyCount "190"]
[WhiteFideId "24605573"]
[BlackFideId "4697111"]
[EventCountry "GER"]
[EventRounds "9"]
[EventType "swiss"]
[EventDate "2006.06.03"]

1. e4 e5 2. Nf3 Nf6 3. Nxe5 d6 4. Nf3 Nxe4 5. Nc3 Nxc3 6. dxc3 Be7 7. Bf4 Nd7
8. Qd2 O-O 9. O-O-O Nc5 10. Kb1 Re8 11. Be3 Ne4 12. Qc1 Qd7 13. Nd4 d5 14. f3
Nd6 15. Nb3 Nf5 16. Bf4 Bd6 17. Bd3 Bxf4 18. Qxf4 Qd6 19. Qd2 Ne7 20. c4 dxc4
21. Bxc4 Qxd2 22. Rxd2 Nf5 23. Bb5 Rf8 24. Bd3 Nd6 25. Nc5 Rb8 26. Re1 b6 27.
Ne4 Nf5 28. Nc3 Be6 29. Bxf5 Bxf5 30. Nd5 Rfe8 31. Rde2 Rxe2 32. Rxe2 Rd8 33.
Kc1 Kf8 34. Nxc7 Rc8 35. Nb5 Be6 36. a3 a6 37. Nd4 Bd5 38. c3 Bc4 39. Re3 Bd5
40. Nc2 Bb3 41. Kd2 g6 42. Rd3 Ke7 43. Rd4 a5 44. Rh4 h5 45. Re4+ Kf6 46. Ne3
Be6 47. Rd4 b5 48. Nd5+ Kg7 49. h4 Rc5 50. Ne3 Kf6 51. f4 a4 52. g3 Ke7 53. Kd3
Kf6 54. Rd6 Ke7 55. Rb6 Bb3 56. Kd4 Rc8 57. Nd5+ Bxd5 58. Kxd5 Rd8+ 59. Ke4 Rd2
60. Rxb5 Rg2 61. Kf3 Rh2 62. g4 hxg4+ 63. Kxg4 Rg2+ 64. Kf3 Rc2 65. Ke4 Ke6 66.
Rb6+ Ke7 67. f5 Rh2 68. fxg6 Rxh4+ 69. Kd5 Rh5+ 70. Kc4 Rh4+ 71. Kc5 Rh5+ 72.
Kb4 Rh4+ 73. c4 f5 74. Kc3 f4 75. Kd3 f3 76. Ke3 Rxc4 77. Kxf3 Rc2 78. Ke4 Kf8
79. Rb7 Rg2 80. g7+ Kg8 81. Kd5 Rc2 82. Kd4 Rg2 83. Kc3 Rg3+ 84. Kc4 Rg2 85.
Rb4 Kxg7 86. Kb5 Kf6 87. Kxa4 Ke6 88. b3 Kd6 89. Rc4 Rb2 90. b4 Kd5 91. Rc5+
Kd6 92. Kb5 Rh2 93. a4 Rh8 94. a5 Rb8+ 95. Ka4 Ra8 {später 1:0} 1-0

[Event "DEM U16 2006"]
[Site "Willingen GER"]
[Date "2006.06.09"]
[Round "8"]
[White "Müller, Reinhold"]
[Black "Rudolf, Sebastian"]
[Result "1/2-1/2"]
[Termination "normal"]
[Board "5"]
[WhiteElo "2114"]
[BlackElo "1989"]
[PlyCount "67"]
[WhiteFideId "24605875"]
[BlackFideId "24609390"]
[EventCountry "GER"]
[EventRounds "9"]
[EventType "swiss"]
[EventDate "2006.06.03"]

1. d4 Nf6 2. Nf3 c5 3. e3 e6 4. c4 cxd4 5. Nxd4 a6 6. Nc3 Qc7 7. Be2 b6 8. O-O
Bb7 9. Bf3 d6 10. b3 Nbd7 11. Bb2 Be7 12. Bxb7 Qxb7 13. Qe2 O-O 14. Rfd1 Nc5
15. Rac1 Rfd8 16. Rc2 Rac8 17. b4 Ncd7 18. b5 Nb8 19. Ba3 Bf8 20. Rb1 axb5 21.
Ndxb5 d5 22. Bxf8 Kxf8 23. cxd5 Nxd5 24. Nxd5 Rxc2 25. Qxc2 Qxd5 26. h3 Qd3 27.
Qb2 Nd7 28. Rc1 Nc5 29. Nd4 Qa6 30. Rb1 Ra8 31. a3 Nd3 32. Qc2 Qxa3 33. Rb3
Qc1+ 34. Qxc1 1/2-1/2

[Event "DEM U16 2006"]
[Site "Willingen GER"]
[Date "2006.06.09"]
[Round "8"]
[White "Werthebach, Felix"]
[Black "Ohme, Melanie"]
[Result "0-1"]
[Termination "normal"]
[Board "6"]
[WhiteElo "2081"]
[BlackElo "2081"]
[PlyCount "70"]
[WhiteFideId "24609684"]
[BlackFideId "4690745"]
[EventCountry "GER"]
[EventRounds "9"]
[EventType "swiss"]
[EventDate "2006.06.03"]

1. c4 e5 2. g3 g6 3. Bg2 Bg7 4. Nc3 d6 5. e4 f5 6. d3 Nc6 7. Nge2 Nh6 8. O-O
O-O 9. Nd5 Be6 10. h3 Qd7 11. Kh2 Kh8 12. Be3 Rae8 13. Qd2 Nf7 14. Rae1 Nd4 15.
Bxd4 exd4 16. Ndf4 c6 17. b3 Nd8 18. Nxe6 Nxe6 19. f4 Nc5 20. b4 Na4 21. exf5
Qxf5 22. g4 Qd7 23. Ng3 Nc3 24. g5 d5 25. c5 Qc7 26. a3 h6 27. Rxe8 Rxe8 28. h4
Re3 29. Rf3 Qe7 30. f5 hxg5 31. hxg5 Qxg5 32. Qf2 Nd1 33. Qf1 Be5 34. Rxe3 Nxe3
35. Qf3 Nxf5 0-1

[Event "DEM U16 2006"]
[Site "Willingen GER"]
[Date "2006.06.09"]
[Round "8"]
[White "Savchenko, Aleksij"]
[Black "Englert, Fabian"]
[Result "1-0"]
[Termination "normal"]
[Board "7"]
[WhiteElo "2074"]
[BlackElo "2068"]
[PlyCount "87"]
[WhiteFideId "24611727"]
[BlackFideId "24614467"]
[EventCountry "GER"]
[EventRounds "9"]
[EventType "swiss"]
[EventDate "2006.06.03"]

1. d4 Nf6 2. c4 c5 3. d5 e6 4. Nc3 exd5 5. cxd5 d6 6. Nf3 g6 7. h3 Bg7 8. Bf4
O-O 9. e3 a6 10. a4 Qe7 11. Be2 Nbd7 12. O-O Rb8 13. Nd2 Nb6 14. Qb3 Na8 15.
Nc4 Ne8 16. Na5 Qc7 17. Nc4 Qe7 18. Rad1 f5 19. Rfe1 Bd7 20. a5 Nac7 21. Na4
Bxa4 22. Qxa4 Nb5 23. Qc2 Nec7 24. Bf3 Rbe8 25. Rb1 Kh8 26. Rec1 Qf6 27. b4
cxb4 28. Nxd6 Re7 29. Nxb5 Nxb5 30. Rxb4 g5 31. Bh2 f4 32. exf4 Nd4 33. Rxd4
Qxd4 34. fxg5 Qb4 35. Qb1 Bb2 36. Bg3 Rfe8 37. Kh2 Bc3 38. Qd3 Bd2 39. Rb1 Qxa5
40. d6 Rg7 41. Rxb7 Qxg5 42. Qd4 Rf8 43. Rxg7 Qxg7 44. Qxd2 1-0

[Event "DEM U16 2006"]
[Site "Willingen GER"]
[Date "2006.06.09"]
[Round "8"]
[White "Heider, Martin"]
[Black "Carlstedt, Jonathan"]
[Result "0-1"]
[Termination "normal"]
[Board "8"]
[WhiteElo "1944"]
[BlackElo "2094"]
[PlyCount "86"]
[BlackFideId "24614386"]
[EventCountry "GER"]
[EventRounds "9"]
[EventType "swiss"]
[EventDate "2006.06.03"]

1. e4 c5 2. Nf3 d6 3. d4 cxd4 4. Nxd4 Nf6 5. Nc3 g6 6. Be3 Bg7 7. f3 O-O 8. Qd2
Nc6 9. O-O-O d5 10. exd5 Nxd5 11. Nxc6 bxc6 12. Bd4 e5 13. Bc5 Be6 14. Ne4 Re8
15. h4 h6 16. g4 Qc7 17. Bc4 Red8 18. Qf2 Qb7 19. g5 h5 20. b3 a5 21. a4 Nf4
22. Bxe6 Nxe6 23. Nd6 Qb8 24. Ne4 Rd5 25. Ba3 Qc7 26. Bb2 Rad8 27. Nc3 Rxd1+
28. Rxd1 Nd4 29. Ne2 c5 30. Nxd4 exd4 31. f4 Rd5 32. Kb1 c4 33. Qf3 Rd8 34. f5
d3 35. c3 Rb8 36. f6 Bf8 37. Rd2 Rxb3 38. Qe3 Qb7 39. Qe1 Ba3 40. Qc1 Bxb2 41.
Rxb2 Rxb2+ 42. Qxb2 Qxb2+ 43. Kxb2 Kf8 0-1

[Event "DEM U16 2006"]
[Site "Willingen GER"]
[Date "2006.06.09"]
[Round "8"]
[White "Schlötzer, Waldemar"]
[Black "Glantz, Robert"]
[Result "1-0"]
[Termination "normal"]
[Board "9"]
[WhiteElo "2094"]
[BlackElo "1926"]
[PlyCount "79"]
[WhiteFideId "24602140"]
[BlackFideId "24629596"]
[EventCountry "GER"]
[EventRounds "9"]
[EventType "swiss"]
[EventDate "2006.06.03"]

1. d4 Nf6 2. c4 e6 3. Nc3 d5 4. Bg5 Be7 5. cxd5 exd5 6. e3 O-O 7. Bd3 Nbd7 8.
Qc2 Re8 9. Nf3 Nf8 10. h3 c6 11. O-O Bd6 12. Ne2 Ng6 13. Nh4 Be7 14. Nxg6 hxg6
15. Rab1 Ne4 16. Bxe7 Rxe7 17. b4 a6 18. a4 Bd7 19. b5 axb5 20. axb5 Nd6 21.
bxc6 bxc6 22. Qc5 Re6 23. Qb6 Qg5 24. Qc7 Qe7 25. Rfc1 Re8 26. Rb8 g5 27. Rxe8+
Nxe8 28. Qg3 Nd6 29. Nc3 g6 30. Na4 Ne4 31. Bxe4 Qa3 32. Rb1 Qxa4 33. Bf3 Qc2
34. Rb8+ Be8 35. Qxg5 Kg7 36. Bg4 Re4 37. Bf5 Qc1+ 38. Kh2 Rxd4 39. Rxe8 Rd1
40. Bxg6 1-0

[Event "DEM U16 2006"]
[Site "Willingen GER"]
[Date "2006.06.09"]
[Round "8"]
[White "Müller, Jan-Hendrik"]
[Black "Seemann, Semjon"]
[Result "1/2-1/2"]
[Termination "normal"]
[Board "10"]
[WhiteElo "1978"]
[BlackElo "1950"]
[PlyCount "80"]
[WhiteFideId "24615048"]
[BlackFideId "24624080"]
[EventCountry "GER"]
[EventRounds "9"]
[EventType "swiss"]
[EventDate "2006.06.03"]

1. e4 c5 2. Nf3 d6 3. d4 cxd4 4. Nxd4 Nf6 5. Nc3 a6 6. Bc4 e6 7. Bb3 Be7 8. O-O
O-O 9. a4 Nc6 10. Be3 Qc7 11. f3 b6 12. Nxc6 Qxc6 13. a5 bxa5 14. Rxa5 Bd8 15.
Ra1 Bb6 16. Qd3 Nd7 17. Bxb6 Qxb6+ 18. Kh1 Nc5 19. Na4 Qc7 20. Qc3 Bb7 21. Nxc5
dxc5 22. Ra5 Rfc8 23. Bc4 Qb6 24. Rfa1 Rc6 25. e5 Qb4 26. R1a3 Rd8 27. h3 Rb6
28. Rb3 Qxc3 29. bxc3 Rxb3 30. cxb3 Rc8 31. Ra4 Rc6 32. Kg1 Kf8 33. Kf2 Ke7 34.
f4 Rb6 35. Ra5 Rc6 36. g4 Rc8 37. Ra1 Rd8 38. Ke3 f6 39. h4 fxe5 40. fxe5 Rf8
1/2-1/2

[Event "DEM U16 2006"]
[Site "Willingen GER"]
[Date "2006.06.09"]
[Round "8"]
[White "Schwenke, Vincent"]
[Black "Fink, Leander"]
[Result "1/2-1/2"]
[Termination "normal"]
[Board "11"]
[WhiteElo "1794"]
[BlackElo "1997"]
[PlyCount "26"]
[WhiteFideId "24620467"]
[BlackFideId "24605247"]
[EventCountry "GER"]
[EventRounds "9"]
[EventType "swiss"]
[EventDate "2006.06.03"]

1. e4 c5 2. c4 Nc6 3. Nc3 e5 4. g3 d6 5. Bg2 Be7 6. Nge2 Nf6 7. O-O Nd4 8. d3
Bd7 9. f4 h5 10. h3 h4 11. g4 exf4 12. Nxf4 Qc8 13. g5 Ng4 1/2-1/2

[Event "DEM U16 2006"]
[Site "Willingen GER"]
[Date "2006.06.09"]
[Round "8"]
[White "Falke, Isaak"]
[Black "Becker, Carsten"]
[Result "1/2-1/2"]
[Termination "normal"]
[Board "12"]
[WhiteElo "1944"]
[BlackElo "1840"]
[PlyCount "27"]
[WhiteFideId "24614483"]
[BlackFideId "24646822"]
[EventCountry "GER"]
[EventRounds "9"]
[EventType "swiss"]
[EventDate "2006.06.03"]

1. d4 Nf6 2. Nf3 e6 3. c4 c5 4. e3 a6 5. Nc3 Qc7 6. Be2 g6 7. O-O Bg7 8. Qc2
O-O 9. b3 d6 10. Bb2 Nc6 11. a3 b6 12. Rfd1 Bb7 13. Rd2 Ne7 14. b4 1/2-1/2

[Event "DEM U16 2006"]
[Site "Willingen GER"]
[Date "2006.06.09"]
[Round "8"]
[White "Holgert, Michael"]
[Black "Mangold, Thomas"]
[Result "0-1"]
[Termination "normal"]
[Board "13"]
[WhiteElo "1863"]
[BlackElo "1646"]
[PlyCount "88"]
[WhiteFideId "24668990"]
[BlackFideId "24671665"]
[EventCountry "GER"]
[EventRounds "9"]
[EventType "swiss"]
[EventDate "2006.06.03"]

1. d4 c5 2. c3 e6 3. Nf3 d5 4. e3 Nc6 5. Bd3 Nf6 6. Nbd2 Be7 7. O-O O-O 8. Qe2
a5 9. dxc5 Bxc5 10. e4 dxe4 11. Nxe4 Nxe4 12. Qxe4 f5 13. Qe2 Qc7 14. Bc4 Kh8
15. Ng5 Nd8 16. Re1 Rf6 17. Qh5 h6 18. Qe8+ Rf8 19. Qh5 Bxf2+ 20. Kxf2 Qxc4 21.
h3 f4 22. Nf3 Nc6 23. Bd2 Qa6 24. Re4 Qb6+ 25. Kf1 Qxb2 26. Rae1 e5 27. Rxe5
Nxe5 28. Nxe5 Qxd2 29. Nf7+ Rxf7 30. Re8+ Kh7 31. Qxf7 Bxh3 32. Rxa8 Qxg2+ 33.
Ke1 Qe4+ 34. Kd2 Qe3+ 35. Kc2 f3 36. Re8 Qf2+ 37. Kc1 Qf1+ 38. Kc2 Qg2+ 39. Kb3
f2 40. Qg8+ Kg6 41. Re7 Kh5 42. Qe8+ Kh4 43. Re4+ Bg4 44. Qe7+ g5 0-1

[Event "DEM U16 2006"]
[Site "Willingen GER"]
[Date "2006.06.09"]
[Round "8"]
[White "Isakson, Alex"]
[Black "Kalisch, Michael"]
[Result "1-0"]
[Termination "normal"]
[Board "14"]
[WhiteElo "1905"]
[BlackElo "1824"]
[PlyCount "87"]
[WhiteFideId "24637351"]
[EventCountry "GER"]
[EventRounds "9"]
[EventType "swiss"]
[EventDate "2006.06.03"]

1. e4 c6 2. d4 d5 3. exd5 cxd5 4. c4 Nf6 5. Nc3 e6 6. Nf3 Bb4 7. cxd5 Nxd5 8.
Bd2 O-O 9. Bd3 Nc6 10. O-O Nf6 11. Bg5 h6 12. Bh4 Be7 13. a3 b6 14. Bc2 Nd5 15.
Qd3 g6 16. Bxe7 Ncxe7 17. Qd2 Kh7 18. h4 Nf6 19. Ne4 Ned5 20. Ng3 Kg7 21. Ne5
Bb7 22. Bd1 Rc8 23. h5 g5 24. Bc2 Nf4 25. f3 Rh8 26. Be4 Bxe4 27. fxe4 Rf8 28.
Rf3 N6xh5 29. Nxh5+ Nxh5 30. Raf1 Rc7 31. Qf2 Nf4 32. Kh2 Qe7 33. g3 Ng6 34.
Nxg6 Kxg6 35. Rf6+ Kg7 36. Qf3 Rc2+ 37. Kg1 Qd7 38. Kh1 Qb7 39. Rxe6 fxe6 40.
Qxf8+ Kg6 41. Rf6+ Kh5 42. Qe8+ Kg4 43. Qxe6+ Kxg3 44. Qe5+ 1-0

[Event "DEM U16 2006"]
[Site "Willingen GER"]
[Date "2006.06.10"]
[Round "9"]
[White "Tereick, Benjamin"]
[Black "Lubbe, Nikolas"]
[Result "1/2-1/2"]
[Termination "normal"]
[Board "1"]
[WhiteElo "2238"]
[BlackElo "2263"]
[PlyCount "48"]
[WhiteFideId "24607541"]
[BlackFideId "4694031"]
[EventCountry "GER"]
[EventRounds "9"]
[EventType "swiss"]
[EventDate "2006.06.03"]

1. Nf3 d5 2. d4 Nf6 3. c4 e6 4. g3 Be7 5. Bg2 O-O 6. O-O b6 7. Nc3 Bb7 8. cxd5
exd5 9. Ne5 h6 10. Nd3 Nc6 11. Nf4 Na5 12. Qc2 Re8 13. Rd1 Bf8 14. Rb1 c6 15.
b4 Nc4 16. e4 dxe4 17. Nxe4 Nxe4 18. Bxe4 Nd6 19. Bg2 g5 20. Nh5 Bc8 21. Qxc6
Bg4 22. Bf3 Rc8 23. Qd5 Be6 24. Qe5 Nc4 1/2-1/2

[Event "DEM U16 2006"]
[Site "Willingen GER"]
[Date "2006.06.10"]
[Round "9"]
[White "Dinger, Florian"]
[Black "Beck, Frederik"]
[Result "1/2-1/2"]
[Termination "normal"]
[Board "2"]
[WhiteElo "2205"]
[BlackElo "2225"]
[PlyCount "48"]
[WhiteFideId "24605573"]
[BlackFideId "4687388"]
[EventCountry "GER"]
[EventRounds "9"]
[EventType "swiss"]
[EventDate "2006.06.03"]

1. e4 c5 2. Nf3 e6 3. d4 cxd4 4. Nxd4 a6 5. Bd3 Nc6 6. Nxc6 dxc6 7. Nd2 e5 8.
Nc4 Nf6 9. O-O Qc7 10. Bd2 b5 11. Ba5 Qb8 12. Nb6 Ra7 13. Nxc8 Qxc8 14. a4 Qb8
15. Bc3 Rd7 16. Qe2 Bd6 17. axb5 axb5 18. Ra6 Qb7 19. Rfa1 O-O 20. b3 Re8 21.
Qe3 Ng4 22. Qg3 Nf6 23. Qg5 Bc5 24. Be1 Red8 1/2-1/2

[Event "DEM U16 2006"]
[Site "Willingen GER"]
[Date "2006.06.10"]
[Round "9"]
[White "Ohme, Melanie"]
[Black "Baldauf, Marco"]
[Result "1/2-1/2"]
[Termination "normal"]
[Board "3"]
[WhiteElo "2081"]
[BlackElo "2128"]
[PlyCount "20"]
[WhiteFideId "4690745"]
[BlackFideId "4688210"]
[EventCountry "GER"]
[EventRounds "9"]
[EventType "swiss"]
[EventDate "2006.06.03"]

1. e4 c5 2. Nf3 e6 3. d4 cxd4 4. Nxd4 a6 5. Nc3 b5 6. Bd3 Qb6 7. Nb3 Qc7 8. Qe2
Bb7 9. O-O Nc6 10. f4 Bd6 1/2-1/2

[Event "DEM U16 2006"]
[Site "Willingen GER"]
[Date "2006.06.10"]
[Round "9"]
[White "Schneider, David"]
[Black "Carlstedt, Jonathan"]
[Result "1/2-1/2"]
[Termination "normal"]
[Board "5"]
[WhiteElo "2188"]
[BlackElo "2094"]
[PlyCount "23"]
[WhiteFideId "4697111"]
[BlackFideId "24614386"]
[EventCountry "GER"]
[EventRounds "9"]
[EventType "swiss"]
[EventDate "2006.06.03"]

1. e4 c5 2. Nf3 d6 3. d4 cxd4 4. Nxd4 Nf6 5. Nc3 g6 6. Be3 Bg7 7. f3 O-O 8. Qd2
Nc6 9. Bc4 Bd7 10. O-O-O b5 11. Bxb5 Ne5 12. Be2 1/2-1/2